Informatika pre stredné školy. Učebnica

Bibliographic Details
Main Authors: Kalaš, Ivan, 1957- (Author), Baranovič, Roman (Author), Blaho, Andrej, 1957- (Author), Kubincová, Zuzana, 1964- (Author), Pardubská, Dana (Author), Salanci, Ľubomír, 1974- (Author), Winczer, Michal (Author), Zimanová, Ružena (Author)
Format: Book
Language:Slovak
PhysicalDescription:112 s. čiast. fareb. fotogr., ilustr., tab. 30 cm
Published: Bratislava Slovenské pedagogické nakladateľstvo 2003
ISBN:8010001570
Edition:3. vyd.
Subjects:

MARC

LEADER 00000nam a2200000 a 4500
001 vtls001456940
003 SK-MaSNL
005 20260301104105.0
008 240318s2003 xo a g slo
015 |a SNBA2003/09-03090 
020 |a 8010001570 
035 |a SNK000412247 
035 |a urn:nbn:sk:snk-amlucu 
035 |a urn:nbn:sk:snk-am00cbxo 
035 |a C130B3AF-051A-4DD6-B920-1BB8F80B2299 
040 |a SNK  |b slo  |c SNK  |e AACR2 
041 0 |a slo 
044 |a xo  |c SK 
072 7 |a 007  |x Teória systémov. Automatické systémy. Kybernetika. Informačné systémy  |2 konspekt 
080 |a 007+004  |2 1981 
080 |a (075.3)  |2 1981 
100 1 |a Kalaš, Ivan,  |d 1957-  |4 aut  |9 99347 
245 1 0 |a Informatika pre stredné školy. Učebnica  |c Ivan Kalaš a kolektív 
250 |a 3. vyd. 
260 |a Bratislava  |b Slovenské pedagogické nakladateľstvo  |c 2003 
300 |a 112 s.  |b čiast. fareb. fotogr., ilustr., tab.  |c 30 cm 
500 |a Fareb. ilustr. na tit. strane 
500 |a Vyd. na rube tit. strany Slovenské pedagogické nakladateľstvo - Mladé letá 
504 |a Bibliogr. s. 112. Reg. Krátky slovník základných pojmov 
650 0 7 |a informatika  |2 SNKPH  |9 1124 
655 7 |a učebnice stredných škôl  |2 SNKPH  |9 69323 
700 1 |a Baranovič, Roman  |4 aut  |9 23678 
700 1 |a Blaho, Andrej,  |d 1957-  |4 aut  |9 93125 
700 1 |a Kubincová, Zuzana,  |d 1964-  |4 aut  |9 217929 
700 1 |a Pardubská, Dana  |4 aut  |9 10522 
700 1 |a Salanci, Ľubomír,  |d 1974-  |4 aut  |9 221967 
700 1 |a Winczer, Michal  |4 aut  |9 11608 
700 1 |a Zimanová, Ružena  |4 aut  |9 293914 
919 |a 80-10-00157-0 
958 |a OND 
968 |d 0 
999 |c 697212  |d 699142 
952 |t P60, <03>, [BOOK], {603}  |a SNK  |b SNK  |y PREZ  |7 0  |p 17A0391828  |o snkSB 66986  |i snkKSP 8995/2003  |0 0  |1 0  |4 0  |d 2003-07-25  |f 1  |l 0  |r 2025-04-23 00:00:00  |w 2026-02-23 
952 |t P60, <04>, [BOOK], {604}  |a SNK  |b SNK  |y VYP  |7 0  |p 17A0391829  |o snkSB 66986 D1  |i snkKSP 8996/2003  |0 0  |1 0  |4 0  |d 2003-07-25  |l 0  |r 2005-01-02 00:00:00  |w 2026-02-23